Beatles songs by picture - Statistics

General Stats
  • This quiz has been taken 429 times
  • The average score is 8 of 16
Answer Stats
Picture Answer % Correct
Blackbird
85%
Piggies
82%
Birthday
80%
Chains
76%
Michelle
72%
Matchbox
67%
Money
66%
Taxman
60%
Revolution
51%
Julia
42%
Girl
37%
Flying
20%
Boys
18%
Wait
18%
Because
13%
Misery
9%
No matching quizzes found
Score Distribution
Percent of People with Each Score
Percentile by Number Answered
Your Score History
You have not taken this quiz